000 00439nam a2200157Ia 4500
001 22713
003 GE_BSU
008 181216s||||||||xx |||||||||||||| ||und||
040 _cGE_BSU
245 _aგადასახადები #11. 2018
300 _b700 MB, 52 X,80min
653 _acd
653 _aგადასახადები #11. 2018
653 _aელექტრონული ჟურნალი
942 _cCF
999 _c55618
_d55618